000 00535nam a2200181Ia 4500
005 20250326124748.0
008 250326s9999 xx 000 0 und d
037 _aTextbook
040 _aFMSL
_beng
_cFMSL
041 _aeng
_2eng
084 _aX:89Q K7
_qFMSL
100 _aPlossl G W
245 0 _aProduction and inventory control: principles and techniques
_cPlossl G W; Wight O W
260 _aNew Jersey
_bNew Jersey, Prentice-Hall
_c1967
300 _a432p
942 _cTB
_hX:89Q K7
999 _c1275087
_d1275087